000 00526nam a2200205Ia 4500
005 20230922103643.0
008 131103s9999 xx 000 0 und d
020 _a851103405
040 _aLoreto College
041 _aEnglish
082 _a260
_bSCH
100 _aSchaeffer, Francis A.
245 _aEscape From Reason
_cFrancis A. Schaeffer
260 _aLondon
_bInter Varsity Fellowship
_c1968
300 _a95p.
504 _aIncludes index
650 _aReligion - christian
850 _aLCLIB
942 _cBK
999 _c23400
_d73879